zpět

Detail výsledku týmu

Baarovka, České Budějovice

Datum a čas kvízu

26 Celkem bodů Celkový počet nahraných bodů na tomto kvízu bez doplňovacích otázek.
8. Pořadí na kvízu Konečné umístění týmu na tomto kvízu.

Zaznamenané odpovědi

# Otázka Odpověď Body Výsledky
1. Čeští senátoři zvolili ve stře... 1
2. Za přísných bezpečnostních opa... 0
3. Nejstreamovanější kapela roku... 0
4. Na grafu vidíme propad hodnoty... 0
5. Minulý týden probíhal v Londýn... 1
5. Herečku Hanu Vagnerovou můžeme... 1
5. Jak se jmenuje herečka v roli... 1
8. Dvojnásobná olympijská vítězka... 1
5. Jak se jmenuje značka, s níž j... 1
10. Přiřaďte jména známých osobnos... 1